[Event "48th Bosna it"]
[Site "Sarajevo BIH"]
[Date "2018.05.09"]
[Round "7.7"]
[White "Schreiner, Peter"]
[Black "Fier, Alexandr"]
[Result "0-1"]
[WhiteElo "2473"]
[BlackElo "2580"]
[EventDate "2018.05.05"]
[PlyCount "100"]

1.Nf3 Nf6 2.c4 g6 3.Nc3 Bg7 4.g3 O-O 5.Bg2 d6 6.d4 Nbd7 7.O-O e5 8.b3 Re8 
9.e4 exd4 10.Nxd4 a6 11.Be3 Rb8 12.f3 Ne5 13.a4 c6 14.Qd2 Nfd7 15.Rad1 Nc5
16.Qc2 Qe7 17.Rfe1 a5 18.h3 Na6 19.f4 Nb4 20.Qb1 Nd7 21.Bf2 Nc5 22.Na2 
Nxa2 23.Qxa2 Qf8 24.Qc2 Bd7 25.g4 Rbd8 26.Bh4 Rc8 27.Bg3 b5 28.axb5 cxb5 
29.Qa2 bxc4 30.bxc4 a4 31.Kh2 Bxd4 32.Rxd4 Nb3 33.Rdd1 Rxc4 34.f5 Bc6 35.
Rxd6 Bxe4 36.Rxe4 Rcxe4 37.Bxe4 Rxe4 38.h4 Rxg4 39.Rb6 Rb4 40.Ra6 Rd4 41.
Qb1 Qc8 42.Qf1 Rd2+ 43.Kh3 Nd4 44.Be5 Qc3+ 45.Kg4 h5+ 46.Kf4 Qc8 47.Kg5 
Nxf5 48.Bf6 Rg2+ 49.Kf4 Rg4+ 50.Ke5 Qc5# 0-1

[Event "48th Bosna it"]
[Site "Sarajevo BIH"]
[Date "2018.05.09"]
[Round "7.8"]
[White "Kurajica, Bojan"]
[Black "Dizdarevic, Emir"]
[Result "1/2-1/2"]
[WhiteElo "2516"]
[BlackElo "2458"]
[EventDate "2018.05.05"]
[PlyCount "20"]

1.d4 d5 2.e3 e6 3.Nf3 Nf6 4.c4 c5 5.cxd5 exd5 6.Be2 Nc6 7.O-O cxd4 8.exd4 
Be7 9.Nc3 O-O 10.Bg5 Be6 1/2-1/2

[Event "48th Bosna it"]
[Site "Sarajevo BIH"]
[Date "2018.05.09"]
[Round "7.9"]
[White "Ozen, Bahadir"]
[Black "Kadric, Denis"]
[Result "0-1"]
[WhiteElo "2295"]
[BlackElo "2500"]
[EventDate "2018.05.05"]
[PlyCount "60"]

1.g3 g6 2.Bg2 Bg7 3.c4 e5 4.Nc3 d6 5.d3 f5 6.Nf3 Nf6 7.Rb1 O-O 8.O-O h6 9.
b4 g5 10.Nd2 Nc6 11.b5 Nd4 12.Ba3 a6 13.Qa4 Nd7 14.e3 Nb6 15.Qd1 axb5 16.
exd4 Rxa3 17.Qc1 exd4 18.Qxa3 dxc3 19.Nb3 bxc4 20.dxc4 f4 21.c5 f3 22.Bxf3
Rxf3 23.cxb6 c5 24.Rfe1 Bd7 25.Qa7 Bc6 26.Na5 Bd5 27.Nxb7 Qf8 28.Nxd6 Rxf2
29.Ne4 Bd4 30.Qd7 Re2+ 0-1

[Event "48th Bosna it"]
[Site "Sarajevo BIH"]
[Date "2018.05.09"]
[Round "7.10"]
[White "Vajic, Goran"]
[Black "Tratar, Marko"]
[Result "0-1"]
[WhiteElo "2294"]
[BlackElo "2456"]
[EventDate "2018.05.05"]
[PlyCount "184"]

1.e4 e6 2.Nc3 d5 3.d4 dxe4 4.Nxe4 Bd7 5.Nf3 Bc6 6.Bd3 Nd7 7.O-O Ngf6 8.Ng3
g6 9.b3 Bg7 10.Ba3 Bf8 11.Bb2 Bg7 12.c4 O-O 13.Qe2 Bxf3 14.Qxf3 c6 15.Rad1
a5 16.Ba3 Re8 17.Bd6 Bf8 18.Be5 Bg7 19.Bc2 Qe7 20.Bf4 Qa3 21.Bc1 Qf8 22.
Rfe1 Bh6 23.Bb2 Bg7 24.Nf1 Qd6 25.a4 Nh5 26.g4 Qf4 27.Qxf4 Nxf4 28.h4 e5 
29.Ne3 exd4 30.Bxd4 Rad8 31.Bxg7 Kxg7 32.Ng2 Rxe1+ 33.Nxe1 Ne6 34.Nd3 Ndc5
35.Nxc5 Rxd1+ 36.Bxd1 Nxc5 37.Kg2 Kf6 38.f4 h6 39.Kf3 Ke6 40.Ke3 Kd6 41.
Bc2 b6 42.Bd1 f6 43.Kd4 Ne6+ 44.Ke4 Ng7 45.Be2 f5+ 46.Ke3 Kc5 47.Bd3 h5 
48.gxf5 Nxf5+ 49.Bxf5 gxf5 50.Kd3 Kb4 51.Kd4 Kxb3 52.Ke5 Kxa4 53.Kxf5 Kb3 
54.c5 bxc5 55.Kg6 a4 56.f5 a3 57.f6 a2 58.f7 a1=Q 59.f8=Q Qe5 60.Qf3+ Kb4 
61.Qxc6 c4 62.Qb6+ Kc3 63.Qb1 Kd2 64.Qa2+ Kd3 65.Qb1+ Kd4 66.Qb6+ Qc5 67.
Qf6+ Ke4 68.Qc3 Qf5+ 69.Kh6 Qf4+ 70.Kg6 Qg4+ 71.Kh6 Qe2 72.Qb4 Kf4 73.Qd6+
Kg4 74.Qd4+ Kg3 75.Qf6 Kg2 76.Qc3 Qd3 77.Qg7+ Kh3 78.Qg1 c3 79.Qh1+ Kg3 
80.Qg1+ Kf3 81.Qh1+ Ke2 82.Qg2+ Kd1 83.Qg1+ Kc2 84.Qa7 Kb2 85.Qb6+ Kc1 86.
Qg1+ Qd1 87.Qg5+ Qd2 88.Kxh5 c2 89.Qb5 Qf4 90.Qa5 Kd1 91.Qd5+ Ke1 92.Qa5+ 
Qd2 0-1

[Event "48th Bosna it"]
[Site "Sarajevo BIH"]
[Date "2018.05.09"]
[Round "7.11"]
[White "Hadzovic, Amir"]
[Black "Radovanovic, Nikola"]
[Result "1/2-1/2"]
[WhiteElo "2287"]
[BlackElo "2438"]
[EventDate "2018.05.05"]
[PlyCount "84"]

1.e4 c5 2.Nc3 Nc6 3.Nf3 e6 4.g3 Nf6 5.Bg2 d6 6.O-O Be7 7.d3 O-O 8.h3 Rb8 
9.a4 a6 10.Ne2 b5 11.axb5 axb5 12.Nd2 d5 13.f4 dxe4 14.Nxe4 Nd5 15.Kh2 f5 
16.N4c3 Ndb4 17.Na2 Nxa2 18.Rxa2 Nb4 19.Ra7 Bf6 20.Nc3 Qb6 21.Ra1 Bb7 22.
Bxb7 Rxb7 23.Qe2 Re7 24.Qg2 Ree8 25.Be3 Nc6 26.Rae1 Nd4 27.Nd1 Qd6 28.c3 
Nb3 29.Qc2 c4 30.Nf2 Qc6 31.Nd1 e5 32.dxc4 bxc4 33.fxe5 Bxe5 34.Rxf5 Bxg3+
35.Kxg3 Qg6+ 36.Bg5 Rxe1 37.Rxf8+ Kxf8 38.Qf2+ Kg8 39.Qxe1 Qxg5+ 40.Kh2 
Qf4+ 41.Kg2 Qg5+ 42.Kh2 Qf4+ 1/2-1/2

[Event "48th Bosna it"]
[Site "Sarajevo BIH"]
[Date "2018.05.09"]
[Round "7.12"]
[White "Manea, Alexandru"]
[Black "Cerovic, Danilo"]
[Result "1-0"]
[WhiteElo "2402"]
[BlackElo "2307"]
[EventDate "2018.05.05"]
[PlyCount "63"]

1.d4 Nf6 2.c4 g6 3.Nc3 d5 4.cxd5 Nxd5 5.e4 Nxc3 6.bxc3 Bg7 7.Nf3 c5 8.Be2 
O-O 9.O-O b6 10.Bg5 Qc7 11.Qd3 Ba6 12.Qe3 Bxe2 13.Qxe2 Nc6 14.Rac1 Rac8 
15.d5 Ne5 16.Nxe5 Bxe5 17.f4 Bg7 18.c4 Bd4+ 19.Kh1 e6 20.e5 exd5 21.cxd5 
Qd7 22.Qe4 f5 23.Qf3 Rfe8 24.Rfd1 b5 25.Bf6 Qf7 26.h3 b4 27.Qb3 Ra8 28.Bh4
h6 29.e6 Qf8 30.e7 Qf7 31.d6 Qxb3 32.axb3 1-0

[Event "48th Bosna it"]
[Site "Sarajevo BIH"]
[Date "2018.05.09"]
[Round "7.13"]
[White "Marjanovic, Dejan"]
[Black "Eric, Jovana"]
[Result "1/2-1/2"]
[WhiteElo "2391"]
[BlackElo "2301"]
[EventDate "2018.05.05"]
[PlyCount "83"]

1.d4 f5 2.Nc3 d5 3.Nf3 Nf6 4.Ne5 e6 5.Bg5 Be7 6.e3 O-O 7.Bd3 Nbd7 8.Nxd7 
Bxd7 9.O-O c5 10.dxc5 Bxc5 11.Bxf5 h6 12.Bxf6 Qxf6 13.Bd3 Bb4 14.Rb1 Bc6 
15.Qg4 Bd6 16.Ne2 e5 17.e4 Bc5 18.exd5 Bxf2+ 19.Kh1 Bxd5 20.Nc3 Bc6 21.Ne4
Bxe4 22.Qxe4 Rad8 23.h3 Rd4 24.Qh7+ Kf7 25.Rxf2 Qxf2 26.Rf1 Qxf1+ 27.Bxf1 
Rd1 28.Kg1 Ke6 29.Qg6+ Kd5 30.Qxg7 Rfxf1+ 31.Kh2 e4 32.Qxb7+ Ke5 33.Qxa7 
Rfe1 34.Kg3 e3 35.Kf3 Rd2 36.Qg7+ Kd5 37.Qxh6 Rf2+ 38.Kg3 Rxc2 39.Qg6 Rd2 
40.Qf5+ Kd4 41.Qd7+ Ke4 42.Qh7+ 1/2-1/2

[Event "48th Bosna it"]
[Site "Sarajevo BIH"]
[Date "2018.05.09"]
[Round "7.14"]
[White "Nestorovic, Dejan"]
[Black "Konjicanin, Muris"]
[Result "1-0"]
[WhiteElo "2364"]
[BlackElo "2289"]
[EventDate "2018.05.05"]
[PlyCount "57"]

1.d4 d5 2.c4 c6 3.Nf3 Nf6 4.Nc3 e6 5.e3 Nbd7 6.Bd3 Bd6 7.e4 dxe4 8.Nxe4 
Nxe4 9.Bxe4 Bb4+ 10.Bd2 Bxd2+ 11.Qxd2 O-O 12.O-O Nf6 13.Qf4 Qb6 14.Rab1 c5
15.dxc5 Qxc5 16.b4 Qe7 17.Ne5 a5 18.b5 a4 19.Bf3 a3 20.Rfd1 Ra4 21.Qe3 h6 
22.g3 Rd8 23.Qb6 Re8 24.Rb3 Rb4 25.Rxb4 Qxb4 26.Qc7 Qe7 27.Qxe7 Rxe7 28.
Rd8+ Re8 29.Rd3 1-0

[Event "48th Bosna it"]
[Site "Sarajevo BIH"]
[Date "2018.05.09"]
[Round "7.15"]
[White "Doric, Nenad"]
[Black "Bistric, Faruk"]
[Result "1/2-1/2"]
[WhiteElo "2250"]
[BlackElo "2346"]
[EventDate "2018.05.05"]
[PlyCount "109"]

1.e4 c6 2.d4 d5 3.exd5 cxd5 4.c4 Nf6 5.Nc3 Na6 6.Bg5 Nc7 7.Qb3 dxc4 8.Bxc4
e6 9.Nf3 Be7 10.O-O O-O 11.Rad1 b5 12.Nxb5 Nxb5 13.Qxb5 Qc7 14.Bb3 Rb8 15.
Qe2 Rb6 16.Rc1 Qb8 17.Ne5 Ba6 18.Nc4 Rd8 19.Rfd1 Nd5 20.Bxe7 Nxe7 21.Qe5 
Nc6 22.Qxb8 Rbxb8 23.d5 Rxd5 24.Ne3 Rxd1+ 25.Rxd1 Kf8 26.Rd7 Rb7 27.Rxb7 
Bxb7 28.Bc4 Ke7 29.Kf1 Kd6 30.f4 Kc5 31.Ke2 e5 32.fxe5 Nxe5 33.Bb3 g6 34.
h4 Kd4 35.Bc2 f5 36.g3 Be4 37.Bb3 Nd3 38.Bg8 f4 39.gxf4 Nxf4+ 40.Kd2 h6 
41.b4 Nd5 42.Bxd5 Bxd5 43.a4 Bf3 44.b5 Ke4 45.a5 Kf4 46.b6 axb6 47.axb6 h5
48.Nc4 Bd5 49.Kd3 Kg3 50.Ne5 Kxh4 51.Nxg6+ Kg5 52.Ne5 h4 53.Ke2 h3 54.Nf3+
Kg4 55.Nh2+ 1/2-1/2

[Event "48th Bosna it"]
[Site "Sarajevo BIH"]
[Date "2018.05.09"]
[Round "7.16"]
[White "Burovic, Rijad"]
[Black "Subelj, Jan"]
[Result "1/2-1/2"]
[WhiteElo "2331"]
[BlackElo "2284"]
[EventDate "2018.05.05"]
[PlyCount "139"]

1.e4 e5 2.f4 exf4 3.Bc4 Nf6 4.Nc3 c6 5.Bb3 d5 6.exd5 Nxd5 7.Nf3 Bd6 8.Qe2+
Be6 9.Nxd5 cxd5 10.Bxd5 O-O 11.Bxe6 Re8 12.O-O fxe6 13.d4 Nc6 14.Qe4 Qf6 
15.Bd2 Rad8 16.Bc3 e5 17.dxe5 Nxe5 18.Qxb7 Nxf3+ 19.Qxf3 Be5 20.Bxe5 Qxe5 
21.Qxf4 Qxf4 22.Rxf4 Re2 23.Rf2 Rxf2 24.Kxf2 Rd2+ 25.Kf3 Rxc2 26.Rd1 Rxb2 
27.Rd8+ Kf7 28.Rd7+ Kf6 29.Rxa7 g5 30.Ra6+ Ke5 31.Ra5+ Kf6 32.h3 Rc2 33.
Ra8 h5 34.a4 Ra2 35.a5 Kg7 36.a6 Kh7 37.g3 Ra3+ 38.Kf2 Ra2+ 39.Kf1 Ra3 40.
Kf2 Ra2+ 41.Ke1 Ra3 42.a7 Kg7 43.Kd2 Kh7 44.Kc2 Kg7 45.Kb2 Ra6 46.Kb3 Ra1 
47.Kb4 Ra6 48.Kb5 Ra1 49.Kb6 Rb1+ 50.Kc6 Rc1+ 51.Kd6 Ra1 52.Ke6 Ra6+ 53.
Kf5 Ra5+ 54.Ke4 Ra4+ 55.Kd5 Ra1 56.Ke6 Ra6+ 57.Kf5 Ra5+ 58.Ke4 Ra4+ 59.Kd5
Ra1 60.Kd6 Ra2 61.Re8 Ra6+ 62.Ke5 Rxa7 63.Kf5 Ra3 64.g4 Rxh3 65.gxh5 Rxh5 
66.Re7+ Kf8 67.Re4 Rh4 68.Rxh4 gxh4 69.Kg4 h3 70.Kxh3 1/2-1/2

[Event "48th Bosna it"]
[Site "Sarajevo BIH"]
[Date "2018.05.09"]
[Round "7.17"]
[White "Dietmayer-Kraeutler, Marco"]
[Black "Hodzic, Nihad"]
[Result "1/2-1/2"]
[WhiteElo "2318"]
[BlackElo "2280"]
[EventDate "2018.05.05"]
[PlyCount "65"]

1.d4 d5 2.c4 c6 3.Nf3 Nf6 4.Bf4 dxc4 5.a4 e6 6.Ne5 c5 7.e3 cxd4 8.exd4 Nd5
9.Bd2 Nd7 10.Bxc4 Nxe5 11.dxe5 Bb4 12.O-O Bxd2 13.Nxd2 O-O 14.Rc1 Bd7 15.
Bxd5 exd5 16.Nf3 Bg4 17.Rc5 Qe8 18.Qxd5 Bxf3 19.Qxf3 Qxa4 20.Rc7 Qb5 21.
Qxb7 Qxe5 22.Rfc1 Qe8 23.b3 a5 24.g3 h6 25.Re7 Qb8 26.Qd5 a4 27.Rb7 Qd8 
28.Rd7 Qb8 29.Rcc7 Qxb3 30.Rxf7 Rxf7 31.Qxa8+ Rf8 32.Qa7 Qb2 33.Rb7 
1/2-1/2

[Event "48th Bosna it"]
[Site "Sarajevo BIH"]
[Date "2018.05.09"]
[Round "7.18"]
[White "Kalezic, Blazo"]
[Black "Urh, Zala"]
[Result "1/2-1/2"]
[WhiteElo "2463"]
[BlackElo "2040"]
[EventDate "2018.05.05"]
[PlyCount "146"]

1.e4 e5 2.Nf3 Nc6 3.Bb5 Nf6 4.d3 Bc5 5.Bxc6 dxc6 6.Nbd2 O-O 7.Nc4 Nd7 8.
O-O Re8 9.Bd2 Bf8 10.a4 c5 11.Bc3 f6 12.Nh4 Nb8 13.f4 exf4 14.Rxf4 Be6 15.
Qh5 Nc6 16.Nf5 Bxf5 17.exf5 Nd4 18.Bxd4 cxd4 19.Rh4 h6 20.Nd2 Re3 21.Ne4 
Qe8 22.Qg4 Kh8 23.b3 Qf7 24.Rf1 Re8 25.Qd1 a6 26.g3 Bb4 27.Kg2 b5 28.axb5 
axb5 29.Kh3 Ra8 30.Rff4 Re1 31.Qf3 Raa1 32.Nf2 c5 33.Qc6 Bd2 34.Re4 Bg5 
35.Rxe1 Rxe1 36.Re4 Rxe4 37.Qxe4 Be3 38.Ng4 Bd2 39.Qf3 c4 40.bxc4 bxc4 41.
Nf2 Be3 42.Ne4 cxd3 43.cxd3 Qc7 44.Qh5 Qc1 45.Qe2 Qc8 46.Qf1 Qc7 47.Kg4 
Qe5 48.h4 Kh7 49.h5 Qd5 50.Qb1 Qc6 51.Qb2 Qc7 52.Qb1 Qc6 53.Kh3 Qd5 54.Qf1
Qc6 55.Qd1 Qc7 56.Qa1 Qe5 57.Kg4 Qc7 58.Qd1 Qc6 59.Kh3 Qc7 60.Qf1 Qc6 61.
Qe2 Qc1 62.Kg4 Qc6 63.Qb2 Qc7 64.Qa2 Qc1 65.Qb3 Qc7 66.Qc4 Qb7 67.Qa2 Qc7 
68.Qd5 Qc2 69.Nc5 Qd1+ 70.Qf3 Qc2 71.Qd5 Qd1+ 72.Qf3 Qc2 73.Qd5 Qd1+ 
1/2-1/2

[Event "48th Bosna it"]
[Site "Sarajevo BIH"]
[Date "2018.05.09"]
[Round "7.19"]
[White "Medancic, Rikard"]
[Black "Drasko, Milan"]
[Result "1/2-1/2"]
[WhiteElo "2164"]
[BlackElo "2449"]
[EventDate "2018.05.05"]
[PlyCount "30"]

1.e4 e6 2.d4 d5 3.Nc3 Bb4 4.e5 c5 5.a3 Bxc3+ 6.bxc3 Ne7 7.Qg4 O-O 8.Bd3 
Nbc6 9.Nf3 f5 10.exf6 Rxf6 11.Bg5 Rf7 12.Qh5 g6 13.Qh4 c4 14.Be2 Qa5 15.
Bd2 Nf5 1/2-1/2

[Event "48th Bosna it"]
[Site "Sarajevo BIH"]
[Date "2018.05.09"]
[Round "7.20"]
[White "Angun, Batu"]
[Black "Runic, Zoran"]
[Result "1/2-1/2"]
[WhiteElo "2152"]
[BlackElo "2408"]
[EventDate "2018.05.05"]
[PlyCount "109"]

1.d4 Nf6 2.c4 g6 3.Nc3 Bg7 4.e4 d6 5.Nf3 O-O 6.Be2 e5 7.d5 a5 8.O-O Na6 9.
Bg5 h6 10.Bh4 Nc5 11.Nd2 Bd7 12.b3 Qe8 13.a3 Nh7 14.b4 Na6 15.Qb3 h5 16.f3
Bh6 17.Ncb1 c6 18.Bf2 Qe7 19.c5 axb4 20.cxd6 Qxd6 21.Nc4 Qe7 22.Nb6 Rab8 
23.Bxa6 bxa6 24.axb4 Qd8 25.Nxd7 Qxd7 26.Nc3 Bd2 27.Rxa6 Bxc3 28.Qxc3 cxd5
29.Qxe5 dxe4 30.Bd4 f6 31.Qxe4 Rxb4 32.Qxg6+ Kh8 33.Bf2 Qe8 34.Qh6 Rb7 35.
Ra5 Rb5 36.Ra7 Rf7 37.Rxf7 Qxf7 38.Ra1 Qb7 39.h3 Rb1+ 40.Rxb1 Qxb1+ 41.Kh2
Qf5 42.Qe3 Kg7 43.Qc5 Qxc5 44.Bxc5 Ng5 45.Be3 Ne6 46.Kg3 Kg6 47.f4 f5 48.
Kf3 Nc7 49.Bd4 Kf7 50.g3 Ke6 51.Be5 Nd5 52.Ke2 Ne7 53.Ke3 Kd5 54.Kd3 Nc8 
55.Ke3 1/2-1/2

[Event "48th Bosna it"]
[Site "Sarajevo BIH"]
[Date "2018.05.09"]
[Round "7.21"]
[White "Stoyanov, Tsvetan"]
[Black "Aleksic, Neven"]
[Result "1-0"]
[WhiteElo "2373"]
[BlackElo "2154"]
[EventDate "2018.05.05"]
[PlyCount "71"]

1.e4 e5 2.Nf3 Nc6 3.d4 exd4 4.Nxd4 Bb4+ 5.c3 Bc5 6.Be3 Bb6 7.Nf5 Bxe3 8.
Nxe3 Nf6 9.f3 O-O 10.c4 d6 11.Nc3 Nd7 12.Qd2 Nc5 13.O-O-O f5 14.Nxf5 Bxf5 
15.exf5 Rxf5 16.f4 Nb4 17.Kb1 Qe8 18.b3 a5 19.a3 Nxb3 20.Qb2 Nc5 21.axb4 
axb4 22.Qxb4 Rxf4 23.Bd3 Ra6 24.Nd5 Rf7 25.Bc2 Qa8 26.Qb2 c6 27.Ne3 Qa7 
28.Kc1 Ra1+ 29.Bb1 Ra3 30.Rxd6 Nb3+ 31.Kd1 Nc5 32.Rd8+ Rf8 33.Rxf8+ Kxf8 
34.Rf1+ Kg8 35.Qf2 Qa4+ 36.Ke2 1-0

[Event "48th Bosna it"]
[Site "Sarajevo BIH"]
[Date "2018.05.09"]
[Round "7.22"]
[White "Sesar, Ivan"]
[Black "Nestorovic, Lazar"]
[Result "0-1"]
[WhiteElo "2122"]
[BlackElo "2370"]
[EventDate "2018.05.05"]
[PlyCount "108"]

1.c4 Nf6 2.g3 g6 3.Bg2 Bg7 4.Nc3 d6 5.Rb1 c5 6.Nf3 Nc6 7.a3 Bf5 8.d3 Qc8 
9.h3 O-O 10.b4 Nd7 11.Bd2 Nde5 12.Nxe5 Bxe5 13.bxc5 dxc5 14.Nd5 Re8 15.Qc1
Rb8 16.Bc3 Nd4 17.Ne3 Bd7 18.h4 Bc6 19.h5 Qe6 20.Bd5 Bxd5 21.Nxd5 Nxe2 22.
Kxe2 Bxc3+ 23.Qe3 Qxe3+ 24.Kxe3 Be5 25.Ke4 Bg7 26.g4 e6 27.Nf4 Red8 28.
hxg6 hxg6 29.g5 Rd7 30.Rb5 Rbd8 31.Rb3 Bd4 32.Rh2 Kg7 33.Ne2 b6 34.a4 f5+ 
35.gxf6+ Kxf6 36.Rb1 Be5 37.Rh3 Bc7 38.Rf3+ Kg7 39.Rh1 a6 40.Rfh3 Kf6 41.
Rf3+ Ke7 42.Rh7+ Kd6 43.Rxd7+ Rxd7 44.Rf6 g5 45.Rg6 Bd8 46.f4 gxf4 47.Nxf4
Re7 48.Rg8 Bc7 49.Rg6 Kd7 50.Nh3 Rh7 51.Ng5 Rh4+ 52.Kf3 Rh1 53.Nxe6 Ra1 
54.Ke4 Re1+ 0-1

[Event "48th Bosna it"]
[Site "Sarajevo BIH"]
[Date "2018.05.09"]
[Round "7.23"]
[White "Sadikovic, Jasmin"]
[Black "Arapovic, Vitomir"]
[Result "1/2-1/2"]
[WhiteElo "2073"]
[BlackElo "2329"]
[EventDate "2018.05.05"]
[PlyCount "101"]

1.e4 c5 2.Nc3 Nc6 3.Bc4 g6 4.d3 Bg7 5.Nge2 e6 6.O-O Nge7 7.Bg5 h6 8.Bh4 
O-O 9.f4 d6 10.a4 f5 11.Bb3 Kh7 12.Qe1 Nd4 13.Nxd4 cxd4 14.Nb1 e5 15.exf5 
gxf5 16.Nd2 Qc7 17.Qe2 Ng6 18.Bg3 Bd7 19.Rae1 exf4 20.Bxf4 Rae8 21.Qf3 Bc6
22.Qf2 Rxe1 23.Qxe1 Be5 24.Bxe5 dxe5 25.Nf3 Qg7 26.Qg3 e4 27.dxe4 fxe4 28.
Ne1 Rxf1+ 29.Kxf1 Qe7 30.Qf2 Qd7 31.Qf6 Qg7 32.Qf5 Kh8 33.g3 Ne7 34.Qe6 
Ng6 35.a5 a6 36.Bc4 Qf8+ 37.Ke2 e3 38.Qf7 Qxf7 39.Bxf7 Ne5 40.Be6 Kg7 41.
b3 Kf6 42.Bh3 Ke7 43.Bf5 Bb5+ 44.Bd3 Nc6 45.Bxb5 axb5 46.Kd3 Kd6 47.c3 
dxc3 48.Kxc3 b4+ 49.Kd3 Nxa5 50.Kxe3 Nxb3 51.Nd3 1/2-1/2

[Event "48th Bosna it"]
[Site "Sarajevo BIH"]
[Date "2018.05.09"]
[Round "7.24"]
[White "Levar, Nenad"]
[Black "Jakupovic, Neven"]
[Result "0-1"]
[WhiteElo "2075"]
[BlackElo "2324"]
[EventDate "2018.05.05"]
[PlyCount "76"]

1.Nf3 Nf6 2.c4 d6 3.d4 g6 4.Nc3 Bf5 5.Qb3 Qc8 6.g3 Ne4 7.Bg2 Nxc3 8.Qxc3 
Bg7 9.Qb3 Be4 10.O-O O-O 11.Qe3 f5 12.Ng5 Bxg2 13.Kxg2 e5 14.d5 Bh6 15.Qf3
Bxg5 16.Bxg5 Nd7 17.h4 h5 18.b4 Qe8 19.Rac1 a5 20.a3 b6 21.Qc3 Rf7 22.Be3 
f4 23.Bd2 Qe7 24.Qd3 Kh7 25.f3 axb4 26.axb4 Ra2 27.Rc2 e4 28.fxe4 Ne5 29.
Qc3 Rxc2 30.Qxc2 fxg3 31.Bg5 Qf8 32.Rxf7+ Qxf7 33.Kxg3 Qf1 34.Be3 Qh1 35.
Bd4 g5 36.hxg5 h4+ 37.Kf4 Qf1+ 38.Ke3 Qg1+ 0-1

[Event "48th Bosna it"]
[Site "Sarajevo BIH"]
[Date "2018.05.09"]
[Round "7.25"]
[White "Vlatkovic, Milos"]
[Black "Nestorovic, Katarina"]
[Result "1/2-1/2"]
[WhiteElo "2318"]
[BlackElo "2038"]
[EventDate "2018.05.05"]
[PlyCount "68"]

1.d4 Nf6 2.Nf3 e6 3.Bg5 c5 4.e3 Nc6 5.Nbd2 d5 6.c3 Qb6 7.Rb1 Be7 8.Bd3 O-O
9.Ne5 Nd7 10.Bxe7 Nxe7 11.f4 Nxe5 12.fxe5 Bd7 13.Qh5 g6 14.Qg5 Nf5 15.g4 
Ng7 16.O-O Bb5 17.Bxb5 Qxb5 18.Nf3 Ne8 19.Qh6 f5 20.Ng5 Qd7 21.gxf5 Rxf5 
22.e4 dxe4 23.Rxf5 exf5 24.d5 Qg7 25.Qh4 Nc7 26.d6 h6 27.dxc7 hxg5 28.Qxg5
Qxc7 29.Rd1 Qxe5 30.Rd7 Qe6 31.Rxb7 Qd6 32.Qh6 Qd1+ 33.Kg2 Qf3+ 34.Kg1 
Qd1+ 1/2-1/2

[Event "48th Bosna it"]
[Site "Sarajevo BIH"]
[Date "2018.05.09"]
[Round "7.26"]
[White "Salkic, Mahir"]
[Black "Obad, Andrija"]
[Result "0-1"]
[WhiteElo "2033"]
[BlackElo "2280"]
[EventDate "2018.05.05"]
[PlyCount "120"]

1.d4 Nf6 2.Nf3 g6 3.c4 Bg7 4.Nc3 O-O 5.Bg5 h6 6.Bh4 d6 7.e3 c5 8.d5 a6 9.
Be2 g5 10.Bg3 Nh5 11.Nd2 Nxg3 12.hxg3 f5 13.Qc2 e5 14.O-O-O b5 15.f4 exf4 
16.gxf4 g4 17.Bd3 Qf6 18.Rh5 Ra7 19.g3 b4 20.Ncb1 a5 21.e4 Re7 22.exf5 
Rfe8 23.Rh2 Qd4 24.f6 Bxf6 25.Rxh6 Re1 26.Rh1 Rxd1+ 27.Rxd1 Qe3 28.Bh7+ 
Kf8 29.Qg6 Nd7 30.Qg8+ Ke7 31.Qe6+ Kd8 32.Qxe3 Rxe3 33.Ne4 Bd4 34.Nbd2 Nf8
35.Bg8 Kc7 36.Ng5 Rxg3 37.Ne6+ Nxe6 38.dxe6 Re3 39.Nf1 Re2 40.Rd2 Re1+ 41.
Rd1 Bxb2+ 42.Kc2 Rxd1 43.Kxd1 Bb7 44.Bf7 Kd8 45.Ng3 Bf6 46.Bh5 Bf3+ 47.Kc1
Ke7 48.Bf7 a4 49.Nf5+ Kf8 50.Ng3 b3 51.axb3 axb3 52.Bg6 Ke7 53.Bf7 d5 54.
cxd5 Bxd5 55.Nf5+ Kf8 56.Ng3 c4 57.Bh5 Bf3 58.Bf7 c3 59.Bg6 Bh4 60.f5 Bg5+
0-1

[Event "48th Bosna it"]
[Site "Sarajevo BIH"]
[Date "2018.05.09"]
[Round "7.27"]
[White "Tomic, Jelena"]
[Black "Sitnic, Adnan"]
[Result "0-1"]
[WhiteElo "1881"]
[BlackElo "2187"]
[EventDate "2018.05.05"]
[PlyCount "84"]

1.e4 Nc6 2.Nf3 e5 3.Bb5 Nf6 4.O-O d6 5.d3 a6 6.Ba4 b5 7.Bb3 Na5 8.c3 Nxb3 
9.Qxb3 Be6 10.Qc2 h6 11.d4 exd4 12.cxd4 c5 13.d5 Bg4 14.Nbd2 Be7 15.Re1 
O-O 16.h3 Bh5 17.Re3 Bg6 18.Qd1 Nh5 19.Nf1 Re8 20.Re1 Bf8 21.Qd3 Ra7 22.g4
Nf6 23.Ng3 Rae7 24.Nd2 Re5 25.f4 Rxd5 26.Qf1 Rxd2 27.Bxd2 Nxe4 28.Nxe4 
Bxe4 29.a3 Bb7 30.Rxe8 Qxe8 31.Re1 Qc6 32.Kh2 d5 33.Qe2 d4 34.Kg3 c4 35.
Kh4 c3 36.bxc3 dxc3 37.Bc1 a5 38.Qe5 b4 39.Qxa5 b3 40.Qe5 Qf3 41.Re2 Bd5 
42.Rh2 f6 0-1

[Event "48th Bosna it"]
[Site "Sarajevo BIH"]
[Date "2018.05.09"]
[Round "7.28"]
[White "Pecnik, Leo"]
[Black "Tarun, Kanyamarala"]
[Result "1-0"]
[WhiteElo "2299"]
[BlackElo "2006"]
[EventDate "2018.05.05"]
[PlyCount "77"]

1.e4 c6 2.c4 d5 3.cxd5 cxd5 4.exd5 Nf6 5.Nc3 Nxd5 6.Nf3 Nc6 7.Bb5 e6 8.O-O
Bd6 9.Ne4 O-O 10.d4 Nce7 11.Re1 Ng6 12.Nxd6 Qxd6 13.Ne5 a6 14.Bd3 b6 15.
Bd2 Bb7 16.Qf3 Rab8 17.Qg3 Rfd8 18.h4 Nf6 19.Bg5 Nh5 20.Qg4 Nf6 21.Bxf6 
gxf6 22.Nxg6 hxg6 23.Bxg6 Kf8 24.Bc2 Ke7 25.Qh3 Rg8 26.Be4 Qxd4 27.Rad1 
Qc5 28.Rc1 Qd6 29.Red1 Bxe4 30.Rxd6 Kxd6 31.Qa3+ Ke5 32.f3 Bd5 33.Re1+ Kf5
34.Qd3+ Kf4 35.Kf2 Rbd8 36.g3+ Rxg3 37.Re4+ Kf5 38.Rg4+ Ke5 39.Qd4+ 1-0

[Event "48th Bosna it"]
[Site "Sarajevo BIH"]
[Date "2018.05.09"]
[Round "7.29"]
[White "Maksimovic, Bojan"]
[Black "Halilovic, Fahrudin"]
[Result "0-1"]
[WhiteElo "2301"]
[BlackElo "2035"]
[EventDate "2018.05.05"]
[PlyCount "78"]

1.Nf3 d6 2.d4 f5 3.g3 Nf6 4.Bg2 g6 5.O-O Bg7 6.c4 O-O 7.Nc3 c5 8.d5 Na6 9.
Bf4 Nc7 10.Qd2 Qe8 11.e4 fxe4 12.Ng5 Bf5 13.a4 h6 14.Ngxe4 g5 15.Nxf6+ 
Bxf6 16.Be3 Qg6 17.Rfd1 Na6 18.f3 Bc2 19.Rdc1 Nb4 20.Ra3 a6 21.a5 Rf7 22.
Kh1 Raf8 23.Bg1 Be5 24.Re1 Bd3 25.Rxe5 dxe5 26.Bxc5 Nc2 27.Rb3 Nd4 28.Rb6 
Qh7 29.Rxb7 Nxf3 30.Qe3 Ne1 31.Qxe1 Rf1+ 32.Bxf1 Rxf1+ 33.Qxf1 Bxf1 34.
Rxe7 Qc2 35.Re8+ Kh7 36.Re7+ Kg6 37.Re6+ Kh5 38.g4+ Kxg4 39.h3+ Bxh3 0-1

[Event "48th Bosna it"]
[Site "Sarajevo BIH"]
[Date "2018.05.09"]
[Round "7.30"]
[White "Strinic, Halid"]
[Black "Ababneh, Ghayth"]
[Result "0-1"]
[WhiteElo "2133"]
[BlackElo "2006"]
[EventDate "2018.05.05"]
[PlyCount "82"]

1.c4 g6 2.Nc3 Bg7 3.Nf3 d6 4.g3 e5 5.Bg2 f5 6.d3 Nf6 7.e4 Nc6 8.O-O O-O 9.
Nh4 f4 10.gxf4 Nxe4 11.Nxe4 Qxh4 12.fxe5 Bxe5 13.Ng3 Nd4 14.Be3 Bg4 15.f3 
Bxf3 16.Bxf3 Bxg3 17.Bd5+ Kh8 18.Qd2 Be5 19.Bxb7 Rab8 20.Rxf8+ Rxf8 21.Qg2
Qh5 22.Kh1 Nf5 23.Bf2 Nh6 24.Bg1 Nf5 25.Bf2 Bxb2 26.Rf1 Bg7 27.Bf3 Qh6 28.
Bxa7 c5 29.Be2 Be5 30.Rf3 Qc1+ 31.Rf1 Qh6 32.Rf3 Qc1+ 33.Rf1 Qh6 34.Rf3 
Qh4 35.Bb6 Rb8 36.Bf1 Rxb6 37.Rh3 Qe1 38.Qa8+ Kg7 39.Qa7+ Kf6 40.Rf3 Qh4 
41.h3 Rb2 0-1

[Event "48th Bosna it"]
[Site "Sarajevo BIH"]
[Date "2018.05.09"]
[Round "7.31"]
[White "Janjic, Jovo"]
[Black "Nenezic, Danilo"]
[Result "0-1"]
[WhiteElo "1981"]
[BlackElo "2116"]
[EventDate "2018.05.05"]
[PlyCount "50"]

1.e4 c5 2.Nf3 d6 3.Nc3 a6 4.d4 cxd4 5.Nxd4 Nf6 6.Be2 e5 7.Nb3 Be6 8.Bg5 
Nbd7 9.O-O Be7 10.Qd2 b5 11.a3 O-O 12.Rad1 Rc8 13.h3 Qc7 14.Be3 Rfd8 15.
Qe1 Nb6 16.f3 d5 17.exd5 Nfxd5 18.Bd2 Nxc3 19.Bxc3 Na4 20.Rxd8+ Bxd8 21.
Ba5 Qxc2 22.Bd1 Qxb2 23.Bxd8 Rxd8 24.Na5 Nc3 25.Qxe5 Nxd1 0-1

[Event "48th Bosna it"]
[Site "Sarajevo BIH"]
[Date "2018.05.09"]
[Round "7.32"]
[White "Bucan, Eldin"]
[Black "Selimovic, Amir"]
[Result "1-0"]
[WhiteElo "2115"]
[BlackElo "1932"]
[EventDate "2018.05.05"]
[PlyCount "51"]

1.e4 e6 2.d4 d5 3.e5 c5 4.c3 Nc6 5.Nf3 Bd7 6.Bd3 cxd4 7.cxd4 Qb6 8.O-O Nb4
9.Be2 Bb5 10.Bxb5+ Qxb5 11.Nc3 Qa6 12.a3 Ne7 13.axb4 Qxa1 14.Nb5 Nc6 15.
Nc7+ Kd7 16.Nxa8 Bxb4 17.Ng5 Rxa8 18.Qh5 Re8 19.Nxh7 Nxd4 20.Qg4 Bc5 21.b4
Bxb4 22.Be3 Ne2+ 23.Qxe2 Qa5 24.Qg4 Bf8 25.Nxf8+ Rxf8 26.Qxg7 1-0

[Event "48th Bosna it"]
[Site "Sarajevo BIH"]
[Date "2018.05.09"]
[Round "7.33"]
[White "Trisha, Kanyamarala"]
[Black "Kersic, Matej"]
[Result "0-1"]
[WhiteElo "1932"]
[BlackElo "2109"]
[EventDate "2018.05.05"]
[PlyCount "110"]

1.Nf3 d5 2.c4 c6 3.g3 Nf6 4.Bg2 Bf5 5.O-O e6 6.cxd5 exd5 7.Nc3 h6 8.Re1 
Be7 9.Qb3 Qb6 10.Qxb6 axb6 11.d3 O-O 12.e4 dxe4 13.dxe4 Bh7 14.e5 Nfd7 15.
Nd4 Nc5 16.Bf1 Nba6 17.a3 b5 18.Be3 Nd3 19.Bxd3 Bxd3 20.Rad1 Bg6 21.e6 Bf6
22.Nce2 fxe6 23.Nxe6 Rfe8 24.N6f4 Bf7 25.Bd4 Bxd4 26.Nxd4 Rxe1+ 27.Rxe1 
Rd8 28.Nf5 Rd7 29.h4 Nc5 30.h5 Nd3 31.Rd1 Ne5 32.Rxd7 Nxd7 33.Nd6 b6 34.
Kg2 Nf6 35.Nc8 Kf8 36.Nxb6 Nxh5 37.Nd3 Nf6 38.a4 bxa4 39.Nxa4 Bd5+ 40.Kg1 
Ke7 41.Nc3 Kd6 42.b4 Ne4 43.Nb1 Nxg3 44.fxg3 Be4 45.Nd2 Bxd3 46.Kf2 Kd5 
47.Ke3 Bc2 48.Nf1 Kc4 49.Kd2 Bh7 50.Ne3+ Kxb4 51.Ng2 g5 52.Ne3 h5 53.Nd1 
h4 54.g4 h3 55.Nf2 h2 0-1